000 00534nam a2200193Ia 4500
005 20250923150030.0
008 008 250917s9999 xx 000 0 eng d
037 _aTextual
040 _aDSWL
_beng
_cDSWL
041 _aeng
_2eng
084 _aYX:5-x7, N98
_qDSWL
245 4 _aThe student's companion to social policy
_cEd. by Pete Alcock
260 _aOxford
_bBlackwell
_c1998
300 _a417 p.
365 _aINR
_b1236.87
925 _g1236.87
942 _cTEXL
_hYX:5-x7, N98
999 _c1458756
_d1458756